000 00781nam a2200217Ii 4500
003 JO-AjNU
008 230605s9999||||xx |||||||||||||| ||und||
017 _a2010/5/1405
040 _aJO-AjNU
_bara
_erda
_cJO-AjNU
041 _aara
050 1 4 _aZ278.A883 2011
100 3 _aالعطاري ، جلال يوسف ,
_eauthor
_943179
245 0 0 _aحركة التاليف العلمي في مصر والشام قي العصر المملوكي الاول
250 _aط1
264 3 1 _aعمان : دار الفكر للنشر، 2011
300 _a118ص
336 _atext
_btxt
_2rdacontent
337 _aunmediated
_bn
_2rdamedia
338 _avolume
_bnc
_2rdacarrier
650 4 _aالتاليف العلمي-مصر-الشام-العصر المملوكي الاول
_943180
999 _aA18545
_c22113
_d22113